000 00567nam a2200205Ia 4500
003 OSt
005 20251117094500.0
008 210210b2004 xxu||||| |||| 00| 0 eng d
040 _cAL
041 _aKannada
082 _aK894.3 VIVS
100 _aVIVEKANANDA KAMATH
_dವಿವೇಕಾನಂದ ಕಾಮತ್
_9245783
245 _aShreegandha
_bಶ್ರೀಗಂಧ
260 _aBengaluru
_bPanchajanya Pablikeshans
_c2004
300 _a245
650 _aShreegandha
_9245784
690 _aKannada Fiction
_9245785
906 _a063137
942 _2ddc
_cBK
999 _c134405
_d134405